000 00353cam a22001217a 4500
008 180718b2002 xxu||||| |||| 00| 0 eng d
082 _aOA6x5461 M474
245 _aWeekend breaks from Delhi
_cedited by Vinod Mehta
260 _aNew Delhi
_bOutlook Traveller
_c2002
300 _a358p.
650 _aIndia - Discription and travel
700 _aMehta, Vinod
999 _c492586
_d492586